Normal view
MARC view
- WIRELESS COMMUNICATION SYSTEMS MOBILE COMMUNICATION SYSTEMS-STANDARDS CODE DIVISION MULTIPLE ACCESS TIME DIVISION MULTIPLE ACCESS
Entry Topical Term
001 - CONTROL NUMBER
- control field: 80271
003 - CONTROL NUMBER IDENTIFIER
- control field: NUST
005 - DATE AND TIME OF LATEST TRANSACTION
- control field: 20210628210630.0
008 - FIXED-LENGTH DATA ELEMENTS
- fixed length control field: 210628|| aca||aabn | a|a d
040 ## - CATALOGING SOURCE
- Original cataloging agency: NUST
- Transcribing agency: NUST
150 ## - HEADING--TOPICAL TERM
- Topical term or geographic name entry element: WIRELESS COMMUNICATION SYSTEMS MOBILE COMMUNICATION SYSTEMS-STANDARDS CODE DIVISION MULTIPLE ACCESS TIME DIVISION MULTIPLE ACCESS
670 ## - SOURCE DATA FOUND
- Source citation: Work cat.: (NUST): Konhauser, Walter Mohr, Werner Prasad, Ramjee 80270, Third generation mobile communication systems, 2000
